000 00465nam a2200181Ia 4500
005 20250508150506.0
008 008 250505s9999 xx 000 0 eng d
037 _aTextual
040 _aFEDL
_beng
_cFEDL
041 _aeng
_2eng
084 _a950, PAY
_qFEDL
100 _aPayne Robert
245 0 _aRevolt of Asia
260 _aLondon, UK
_bVictor Gollancz Ltd
_c1948
300 _a312p
942 _cTEXL
_h950, PAY
999 _c1323889
_d1323889